Online Catalogue and eLibrary

The Mahavamsa : (Record no. 3491)

MARC details
000 -LEADER
fixed length control field 00393nam a2200145Ia 4500
005 - DATE AND TIME OF LATEST TRANSACTION
control field 20250218012512.0
008 - FIXED-LENGTH DATA ELEMENTS--GENERAL INFORMATION
fixed length control field 240331s9999 xx 000 0 und d
082 ## - DDC Classification
Item Number - Author Mark MAH
Class No. 954
245 #4 - TITLE STATEMENT
Title The Mahavamsa :
Remainder of title chapters XI-XVI
260 ## - PUBLICATION, DISTRIBUTION, ETC.
Place of publication, distribution, etc. Colombo
Name of publisher, distributor, etc. M.D.Gunasena & Co. Ltd
Date of publication, distribution, etc. 1950
300 ## - PHYSICAL DESCRIPTION
Extent (e.g. Volumes, Pages etc.) 79 p .,
500 ## - GENERAL NOTE
General note The Inauguration of Devanampiyatissa
700 ## - ADDED ENTRY--PERSONAL NAME
Personal name Perera, T.M.
Relator term (Role) Editor
942 ## - Koha item type (Biblio)
Koha item type Books in Stacks (Lending)
Holdings
Lost status Damaged status Collection code Home library Current library Shelving location Date acquired Full call number Accession Number Item type
    Lending WERC Library WERC Library Social Science Cupboard 03/31/2024 954.93 MAH 189 Books in Stacks (Lending)

© WERC Library